| 000 | 01197nam2a2200301 4500 | ||
|---|---|---|---|
| 001 | RU\NLR\BIBL_A\011252566 | ||
| 005 | 20250806210111.0 | ||
| 035 | _a(NLR Aleph) 011252566 | ||
| 090 |
_a10763 _c10763 |
||
| 100 | _a20250806 rusy50 | ||
| 101 | 0 | _aalt | |
| 102 | _aRU | ||
| 135 | _acrgn 008anaba | ||
| 200 | 0 | _a1942, № 14 (624) (11 марта) | |
| 210 | _d1942 | ||
| 325 | 1 | _aКопия доступна в электронной библиотеке РНБ | |
| 461 | 0 |
_1001RU\NLR\BIBL_A\011248723 _12001#$aЈаҥы јол$v1942, № 14 (624) (11 марта) |
|
| 852 |
_aNLR _bОНЛ _jАлт.г./1-2 |
||
| 856 | 0 | _uhttp://vivaldi.nlr.ru/pn000175876/view | |
| 856 | 1 | _uhttp://vivaldi.nlr.ru/pn000175876/cover | |
| 856 | 2 | _uhttp://vivaldi.nlr.ru/pn000175876/text | |
| 901 | _eГазеты: ОНЛ | ||
| 942 | _cISSNP | ||
| 945 | _aРоссийская национальная библиотека | ||
| 980 | _aNB | ||
| 980 | _aBV | ||
| 981 | 2 | 3 |
_a(23) Национальные литературы _b(23) Периодические издания |